Democràcia i escola / John Dewey ; traducció de Frederic Tarrés ; introducció i tria de textos de Jaume Carbonell
ISBN:
84-7602-017-1
Descripción Física:
LIX, 161 p. ; 20 cm
Colección:
Textos pedagògics ; 3
MARC
| LEADER | 00000nam a2200000Ia 4500 | ||
|---|---|---|---|
| 001 | 1614 | ||
| 008 | 160829s1985 xx 000 0 cat d | ||
| 020 | |a 84-7602-017-1 | ||
| 080 | |a E-1-122 | ||
| 100 | |a Dewey, John |9 28542 | ||
| 245 | |a Democràcia i escola / John Dewey ; traducció de Frederic Tarrés ; introducció i tria de textos de Jaume Carbonell | ||
| 260 | |a Vic : |b Eumo ; Barcelona : |b Diputació de Barcelona, |c 1985 | ||
| 300 | |a LIX, 161 p. ; |c 20 cm | ||
| 490 | |a Textos pedagògics ; 3 | ||
| 650 | |a Educació |9 25969 | ||
| 650 | |a Dewey, John |9 28542 | ||
| 700 | |a Tarrés, Frederic, tr. |9 28543 | ||
| 700 | |a Carbonell i Sebarroja, Jaume, ed. |9 28544 | ||
| 710 | 1 | |a Barcelona (Catalunya : Província). |b Diputació |9 52408 | |
| 901 | |a Arxiu | ||
| 942 | |n 1 | ||
| 952 | |0 0 |1 0 |4 0 |6 E1122 |7 1 |9 44859 |a Arxiu |b Arxiu |d 2016-12-01 |l 0 |o E-1-122 |p 1614 |r 2016-12-01 00:00:00 |w 2016-12-01 |y ARXIU | ||
| 999 | |c 47457 |d 47457 | ||